Statistics for Country flags starting with letter M

Click here to take the quiz!

General Stats

  • This quiz has been taken 22 times
    (17 since last reset)
  • The average score is 15 of 18

Answer Stats

Answer% Correct
Mexico
93%
Malaysia
93%
Macedonia
87%
Montenegro
87%
Maldives
87%
Malta
87%
Madagascar
87%
Mongolia
80%
Monaco
80%
Moldova
80%
Mozambique
80%
Marshall Islands
80%
Mali
80%
Malawi
80%
Mauritania
73%
Morocco
73%
Mauritius
73%
Micronesia
67%

Score Distribution

Percentile by Number Answered

Percent of People with Each Score

Your Score History

You have not taken this quiz since the last reset